<?xml version="1.0" encoding="UTF-8"?>
<marc:record xmlns:marc="http://www.loc.gov/MARC21/slim">
   <marc:leader>00000nam a2200000 a 4500</marc:leader>
   <marc:datafield ind1="1" ind2=" " tag="100">
      <marc:subfield code="a">Schwencke, Olaf</marc:subfield>
   </marc:datafield>
   <marc:datafield ind1=" " ind2=" " tag="653">
      <marc:subfield code="a">Partizipation</marc:subfield>
   </marc:datafield>
   <marc:datafield ind1=" " ind2=" " tag="653">
      <marc:subfield code="a">Europa</marc:subfield>
   </marc:datafield>
   <marc:datafield ind1=" " ind2=" " tag="653">
      <marc:subfield code="a">Zukunftswerkstatt</marc:subfield>
   </marc:datafield>
   <marc:datafield ind1=" " ind2=" " tag="653">
      <marc:subfield code="a">Zukunftsforschung</marc:subfield>
   </marc:datafield>
   <marc:datafield ind1=" " ind2=" " tag="653">
      <marc:subfield code="a">Methodik</marc:subfield>
   </marc:datafield>
   <marc:datafield ind1=" " ind2=" " tag="653">
      <marc:subfield code="a">Sozialpolitik</marc:subfield>
   </marc:datafield>
   <marc:datafield ind1="0" ind2="0" tag="245">
      <marc:subfield code="a">Menschenbeben</marc:subfield>
   </marc:datafield>
   <marc:datafield ind1="0" ind2="0" tag="245">
      <marc:subfield code="b">neue Aufgaben und Felder der Zukunftsforschung</marc:subfield>
   </marc:datafield>
   <marc:datafield ind1="0" ind2="0" tag="245">
      <marc:subfield code="c">Hrsg. v. Olaf Schwencke</marc:subfield>
   </marc:datafield>
   <marc:datafield ind1=" " ind2="1" tag="264">
      <marc:subfield code="a">Loccum</marc:subfield>
      <marc:subfield code="b">Eigenverl. d. Evang. Akademie</marc:subfield>
      <marc:subfield code="c">1991</marc:subfield>
   </marc:datafield>
   <marc:datafield ind1="1" ind2=" " tag="520">
      <marc:subfield code="a">PZ 1/92*17 An der Evang. Akademie Loccum besitzt die Zukunftsforschung ein Heimrecht. Nach 1972, als an dieser Stelle erstmals ein Intern. Kolloquium zum Thema abgehalten wurde, fand Anfang November 1990 eine weitere Tagung statt, die geänderte Erwartungen und Anforderungen v.a. auch unter dem Eindruck des politischen Wandels in Osteuropa thematisierte. Unter dem Titel "Europa 2000: Ostzukunft-Südzukunft" plädierte Robert Jungk dafür, Prognosen nicht verbindlich festzuschreiben, sondern sensibel auch auf die leisten Signale hinzuhören. Launisch, gehaltvoll und in letztlich düsterer Perspektive äußerte sich Rolf Schwendter zu "Struktur und Zukunft der Bedeutung der dezentralen Bewegungen"; Helmut Krauch berichtete über die Erwartungen der Bundesregierung an die Zukunftsforschung und analysierte Hintergründe der Konsumorientierung breiter Bevölkerungskreise. Eine Reihe kürzerer Beiträge beschräftigte sich exemplarisch mit Arbeitsfeldern gegenwärtiger Zukunftsprojekte: Europa, Partizipation, Gesundheits- und Sozialpolitik. Auch "Methoden von unten" wurde breiter Raum gegeben.</marc:subfield>
   </marc:datafield>
   <marc:datafield ind1="0" ind2=" " tag="490">
      <marc:subfield code="v">0</marc:subfield>
   </marc:datafield>
   <marc:datafield ind1=" " ind2=" " tag="300">
      <marc:subfield code="a">237 S.</marc:subfield>
   </marc:datafield>
</marc:record>
